Stephen King Novels Quiz Stats

Quiz not verified by Sporcle

Challenge
Share
Tweet
Embed
Score 0/10 Timer 10:00
0 Plays Today
Plot point Novel % Correct
Naked Cheerleaders Pelt a Girl with TamponsCarrie
97.4%
God Blows Up Las VegasThe Stand
84.8%
The Topiaries AttackThe Shining
72.2%
The Sparrows AttackThe Dark Half
66.2%
Alien Fungi Cause HallucinationsDreamcatcher
63.6%
A Man Is Murdered by a Coca Cola MachineThe Tommyknockers
62.9%
The Giant Aliens Stopped When Asked NicelyUnder the Dome
55.6%
Cartoon Cacti AppearThe Regulators
43.7%
A Recovering Addict Kills a Train with Bad JokesThe Dark Tower IV: Wizard and Glass
41.1%
The Antagonist Distributes Guns with Poison BulletsNeedful Things
21.2%

You're not logged in!

Compare scores with friends on all Sporcle quizzes.
Sign Up with Email
OR
Log In

You Might Also Like...

Show Comments

Extras

Top Quizzes Today


Score Distribution

Your Account Isn't Verified!

In order to create a playlist on Sporcle, you need to verify the email address you used during registration. Go to your Sporcle Settings to finish the process.